000 00483nmm a2200157Ia 4500
008 251105s9999||||xx |||||||||||||||||und||
020 _a9788498387438
041 _aspa
100 _aHunter, Erin
245 0 _aLuz estelar :
_b Los gatos guerreros - La nueva profecía IV
264 _a[Madrid, España] :
_bEdiciones Salamandra,
_c2016
300 _a320 páginas
650 _aTeen & Young Adult Fiction
856 _uhttps://public.digitaliapublishing.com/a/48344
942 _cCF
999 _c91834
_d91834